00809nam a2200217 a 4500008004100000020001500041050001600056100002200072245003200094250001200126260002800138300002400166350000900190490003400199500005300233650004600286650001700332995009300349999001700442952013200459060316s1991 ||||||||||||||||| || u a025608792X aHF 5429 Bur aBurstiner, Irving10aBasic retailing. (2nd ed.)  a2nd ed. aHomewood :bIrwinc1991 axxix, 770 p. : ill. a0.00 aThe Irwin series in marketing aIncludes bibliographical references and indexes. aRETAIL TRADE--UNITED STATES--CASE STUDIES aRETAIL TRADE D0.00FCBU-MAIN LIBRARY (Kitwe)H1I45.95UAVAILABLEZMain Library Open Access Collection c35609d35609 00102lcc4070a001b001cMain Library Open Access Collectiond2022-11-30l0oHF 5429 Burp004907r2022-11-30w2022-11-30y002